Goodbye 'Hostess' Quiz Stats

 Plays Quiz Updated Nov 22, 2012

Score 0/12 Timer 02:00
2 Plays Today
answer % Correct
Twinkies
97.3%
Mini Muffins
75%
Ho Hos
72.7%
Donettes
70.5%
Ding Dongs
65.5%
Sno Balls
62.6%
Cup Cakes
62.2%
Fruit Pie
49.8%
Honey Buns
47%
Zingers
29.3%
Suzy Q's
16.5%
Chocodiles
8%

You're not logged in!

Compare scores with friends on all Sporcle quizzes.
OR
Log In

Show Comments

Extras

Top Quizzes Today


Score Distribution

Your Account Isn't Verified!

In order to create a playlist on Sporcle, you need to verify the email address you used during registration. Go to your Sporcle Settings to finish the process.

Report this User

Report this user for behavior that violates our Community Guidelines.

Details: